Niñez, locura y delito: en el campo penal juvenil de Costa Rica /
Kaydedildi:
| Yazar: | |
|---|---|
| Materyal Türü: | Bilinmiyor |
| Dil: | Spanish |
| Baskı/Yayın Bilgisi: |
San José, Costa Rica:
Universidad Autónoma de Centro América,
2011
|
| Konular: | |
| Etiketler: |
Etiketle
Etiket eklenmemiş, İlk siz ekleyin!
|
MARC
| LEADER | 000000000a22000000004500 | ||
|---|---|---|---|
| 001 | 001000 | ||
| 008 | 170621s2011 cr ||||| |||| 00| 0 spa d | ||
| 020 | |a 9789968420143 | ||
| 041 | 0 | |a español | |
| 082 | |a 345.087 |b B957n | ||
| 100 | 1 | |a Burgos, Álvaro | |
| 245 | 1 | 0 | |a Niñez, locura y delito: |b en el campo penal juvenil de Costa Rica / |c Daniel Mato, compilador |
| 260 | |a San José, Costa Rica: |b Universidad Autónoma de Centro América, |c 2011 | ||
| 300 | |a 298 páginas | ||
| 500 | |a Número de inscripción 14090 (Colección George Yúdice) | ||
| 500 | |a Ganadora del certamen literario " Premio Enrique Benavides" | ||
| 650 | 4 | |a DERECHO PENAL | |
| 650 | 4 | |a DELITOS JUVENILES |z COSTA RICA | |
| 942 | |2 ddc |c BK | ||
| 999 | |c 2127 |d 2127 | ||



